[Event "NOR-chB"]
[Site "Oslo"]
[Date "2023.07.05"]
[Round "6"]
[White "Nilsen, Torger"]
[Black "Bjorklund, Tor Ivar"]
[Result "1-0"]
[WhiteElo "1334"]
[BlackElo "1555"]
[PlyCount "147"]
[EventDate "2023.06.30"]
[EventType "swiss"]
[EventRounds "9"]
[EventCountry "NOR"]
[SourceTitle "EXT 2024"]
[Source "ChessBase"]
[SourceDate "2023.10.10"]
[SourceVersion "1"]
[SourceVersionDate "2023.10.10"]
[SourceQuality "1"]

1. e4 e6 2. d3 Nc6 3. Nf3 Be7 4. g3 Nf6 5. Bg2 0-0 6. 0-0 d6 7. Nbd2 Bd7 8. Re1 e5 9. Nf1 Ng4 10. h3 Nf6 11. Ne3 Qc8 12. Kh2 h6 13. Nh4 Bd8 14. Nhf5 Ne7 15. Qf3 Nxf5 16. Nxf5 Bxf5 17. exf5 c6 18. g4 Bc7 19. Kh1 Re8 20. g5 hxg5 21. Bxg5 Bd8 22. Bxf6 Bxf6 23. Re4 Kf8 24. Rae1 Qc7 25. Qe3 b6 26. c4 Rad8 27. f4 Qd7 28. fxe5 dxe5 29. Rd1 c5 30. Qf3 Qa4 31. a3 Rd4 32. Qe2 Red8 33. Rxd4 Rxd4 34. Be4 Rd8 35. Rg1 Ke7 36. Rg2 Rh8 37. Qf3 Qa5 38. Kh2 Rd8 39. Qh5 Qa4 40. Bd5 Qe8 41. Kh1 Qg8 42. Kh2 Rf8 43. Qf3 Rd8 44. b4 Qh7 45. bxc5 bxc5 46. Rb2 Qh6 47. Qe2 Rd7 48. Rb5 Qf4+ 49. Kg2 Qd4 50. Qe4 Rc7 51. Qxd4 exd4 52. a4 Kd6 53. a5 Ke5 54. Be4 Be7 55. a6 Bd6 56. Kf3 Be7 57. Kg4 Kd6 58. Rb8 Bf6 59. Bb7 Re7 60. Ra8 Re3 61. Rxa7 Rxd3 62. Ra8 Kc7 63. Bd5 Ra3 64. Bb7 d3 65. Rc8+ Kb6 66. Rc6+ Ka7 67. Rxc5 d2 68. Rd5 Bc3 69. c5 Ra1 70. c6 Ba5 71. Rxd2 Bxd2 72. c7 Ra4+ 73. Kh5 Ra3 74. c8Q 1-0